Normal view
MARC view
- Umair Waqas
Entry Personal Name
001 - CONTROL NUMBER
- control field: 7533
003 - CONTROL NUMBER IDENTIFIER
- control field: NUST
005 - DATE AND TIME OF LATEST TRANSACTION
- control field: 20171222153839.0
008 - FIXED-LENGTH DATA ELEMENTS
- fixed length control field: 171222|| aca||aabn | a|a d
040 ## - CATALOGING SOURCE
- Original cataloging agency: NUST
- Transcribing agency: NUST
100 ## - HEADING--PERSONAL NAME
- Personal name: Umair Waqas
670 ## - SOURCE DATA FOUND
- Source citation: Work cat.: (NUST): Umair Waqas, Analysis of cervical x-ray images for vertebra localization and segmentation, 2017
